Property research database launched (Record no. 73751)
[ view plain ]
| 000 -LEADER | |
|---|---|
| fixed length control field | 01028cam a2200205 4500 |
| 001 - CONTROL NUMBER | |
| control field | WB3924-05 |
| 008 - FIXED-LENGTH DATA ELEMENTS--GENERAL INFORMATION | |
| fixed length control field | 031105n2003 000 0 eng u |
| 035 ## - SYSTEM CONTROL NUMBER | |
| System control number | (Sirsi) u124247 |
| 245 ## - TITLE STATEMENT | |
| Title | Property research database launched |
| 260 ## - PUBLICATION, DISTRIBUTION, ETC. | |
| Date of publication, distribution, etc. | 2003 |
| 490 ## - SERIES STATEMENT | |
| Series statement | RICS News Service |
| Volume/sequential designation | 6 November 2003 (1) |
| 520 ## - SUMMARY, ETC. | |
| Summary, etc. | The Society of Property Researchers with the assistance of the National Retail Planning Forum, has created a data directory of sources of commercial property and retail planning information. The database is searchable by sector, geographical area, title or source. The data directory is available at http://www.sprweb.co.uk/about/data%20directory.htm. http://www.rics.org/ricscms/bin/show?class=News&template=/includes/shownews.html&id=7493 |
| 590 ## - LOCAL NOTE (RLIN) | |
| Local note | WB |
| 650 ## - SUBJECT ADDED ENTRY--TOPICAL TERM | |
| Topical term or geographic name entry element | SOCIETY OF PROPERTY RESEARCHERS |
| 650 ## - SUBJECT ADDED ENTRY--TOPICAL TERM | |
| Topical term or geographic name entry element | RETAIL PLANNING |
| 650 ## - SUBJECT ADDED ENTRY--TOPICAL TERM | |
| Topical term or geographic name entry element | PROPERTY-COMMERCIAL PROPERTY |
| 650 ## - SUBJECT ADDED ENTRY--TOPICAL TERM | |
| Topical term or geographic name entry element | NATIONAL RETAIL PLANNING FORUM |
| 690 ## - LOCAL SUBJECT ADDED ENTRY--TOPICAL TERM (OCLC, RLIN) | |
| Topical term or geographic name as entry element | PROPERTY-COMMERCIAL PROPERTY-COMMERCIAL PROPERTY MARKET |
| 942 ## - ADDED ENTRY ELEMENTS (KOHA) | |
| Suppress in OPAC | 0 |
| Withdrawn status | Lost status | Source of classification or shelving scheme | Damaged status | Not for loan | Home library | Current library | Shelving location | Date acquired | Total Checkouts | Full call number | Barcode | Date last seen | Copy number | Price effective from | Koha item type |
|---|---|---|---|---|---|---|---|---|---|---|---|---|---|---|---|
| Dewey Decimal Classification | London | London | News article | 05/11/2003 | WB3924-05 | 124247-1001 | 06/08/2019 | 1 | 06/08/2019 | News article |